[Event "Open Vitrolles 2023/2024"]
[Site "Vitrolles"]
[Date "2023.09.30"]
[Round "1.1"]
[White "Bouriel, Michel"]
[Black "Boukhfif, Tarik"]
[Result "0-1"]
[WhiteElo "1311"]
[BlackElo "1588"]
[PlyCount "104"]

1. c4 Nf6 2. Nc3 c6 3. Nf3 d5 4. cxd5 cxd5 5. g3 Nc6 6. Bg2 e5 7. d3 Be7 8. a3
O-O 9. O-O h6 10. b4 a6 11. Bb2 Bf5 12. Rc1 Rc8 13. Qb3 d4 14. Na4 Be6 15. Qd1
b6 16. Nd2 Bd5 17. Bxd5 Nxd5 18. Re1 f5 19. Qb3 Kh8 20. Nf3 Bf6 21. b5 Na5 22.
Rxc8 Nxb3 23. Rxd8 Rxd8 24. bxa6 b5 25. Nc5 Nxc5 26. Rc1 Nxa6 27. Rc6 Ndc7 28.
Nd2 Be7 29. Nb3 Rd6 30. Na5 Rxc6 31. Nxc6 Bd6 32. Nd8 Kg8 33. Nc6 Nd5 34. e3
Nc5 35. exd4 exd4 36. Nxd4 Be5 37. Ba1 Nxd3 38. Nxb5 Bxa1 39. a4 Nc3 40. Nxc3
Bxc3 41. Kg2 Nc5 42. Kg1 Nxa4 43. Kg2 Nc5 44. Kf1 Kf7 45. Kg2 Nd3 46. Kf1 Kf6
47. Ke2 Ne5 48. Kf1 Bd4 49. Ke2 Ng4 50. f3 Nxh2 51. f4 Kg6 52. Kd3 Bf2 0-1

[Event "Open Vitrolles 2023/2024"]
[Site "Vitrolles"]
[Date "2023.09.30"]
[Round "1.2"]
[White "Jullien, Patrick"]
[Black "Khoundh, Zein"]
[Result "1/2-1/2"]
[WhiteElo "1519"]
[BlackElo "1255"]
[PlyCount "92"]

1. e4 e6 2. d4 d5 3. Nd2 c5 4. exd5 Qxd5 5. dxc5 Bxc5 6. Ngf3 Nf6 7. Bc4 Qd6 8.
O-O a6 9. Bd3 Bd7 10. Nc4 Qc7 11. Bd2 Nc6 12. Qe2 Nd4 13. Nxd4 Bxd4 14. c3 Bc5
15. Be3 Bxe3 16. Nxe3 b5 17. c4 Rb8 18. cxb5 Bxb5 19. Bxb5+ axb5 20. Rfc1 Qe5
21. Qc2 O-O 22. Qc3 Qe4 23. a3 Nd5 24. Nxd5 Qxd5 25. b3 Qb7 26. Qc6 b4 27. Qxb7
Rxb7 28. a4 Rd8 29. Rc4 f5 30. a5 Ra8 31. a6 Raa7 32. Kf1 Rb6 33. Ke2 Raxa6 34.
Rxa6 Rxa6 35. Rxb4 Ra2+ 36. Ke3 Kf7 37. Rb7+ Kf6 38. b4 f4+ 39. Kxf4 Rxf2+ 40.
Kg3 Rb2 41. b5 e5 42. Kf3 Ke6 43. Rxg7 Rxb5 44. Rxh7 Rb3+ 45. Kg4 Rb4+ 46. Kg5
Rb8 1/2-1/2

[Event "Open Vitrolles 2023/2024"]
[Site "Vitrolles"]
[Date "2023.09.30"]
[Round "1.3"]
[White "Mars, Florence"]
[Black "Thiers, Jean-Jacques"]
[Result "1-0"]
[WhiteElo "1200"]
[BlackElo "1519"]
[PlyCount "93"]

1. e4 e5 2. Nf3 Nc6 3. d4 exd4 4. Nxd4 Nf6 5. Nxc6 bxc6 6. Nc3 d6 7. Bd3 Be7 8.
O-O O-O 9. Be3 Re8 10. f3 Bf8 11. Bg5 h6 12. Bh4 Bb7 13. Re1 Be7 14. a4 Nd7 15.
Bxe7 Rxe7 16. b4 Ne5 17. a5 Rb8 18. Rb1 Re6 19. Ne2 Rg6 20. Nf4 Rf6 21. Qd2
Nxd3 22. cxd3 Ba6 23. d4 Rb7 24. Rb2 Qb8 25. Reb1 g5 26. Nh5 Re6 27. Qc3 d5 28.
e5 f5 29. Qc2 f4 30. Nf6+ Rxf6 31. exf6 Qe8 32. Qf5 Rb8 33. f7+ Qxf7 34. Qxf7+
Kxf7 35. Re1 Bc4 36. Kf2 Rc8 37. g3 fxg3+ 38. hxg3 Bd3 39. Re3 Bf5 40. Rbe2 g4
41. f4 Be4 42. Rc3 Re8 43. Rxc6 h5 44. Rxc7+ Re7 45. Rxe7+ Kxe7 46. Re3 Kd7 47.
Rc3 1-0

[Event "Open Vitrolles 2023/2024"]
[Site "Vitrolles"]
[Date "2023.09.30"]
[Round "1.4"]
[White "Cens, Alain"]
[Black "Baghdoyan, Albert"]
[Result "1-0"]
[WhiteElo "1476"]
[BlackElo "1199"]
[PlyCount "74"]

1. c4 e5 2. Nc3 Nf6 3. g3 Bb4 4. Bg2 d6 5. Nf3 c6 6. O-O O-O 7. Qc2 h6 8. a3
Bxc3 9. Qxc3 Be6 10. b4 Qd7 11. Bb2 Na6 12. d3 Rac8 13. Rfc1 Rfe8 14. a4 Nc7
15. b5 c5 16. Nxe5 dxe5 17. Bxb7 Nxb5 18. Bxc8 Qxc8 19. axb5 Qb7 20. f3 Bh3 21.
e4 Nh7 22. Qa5 Ng5 23. Kf2 f5 24. Qxa7 Qc8 25. Re1 fxe4 26. dxe4 Rf8 27. Ra3
Qg4 28. f4 Rf7 29. Qb8+ Kh7 30. Qxe5 Ne6 31. f5 Qg5 32. Qxe6 Re7 33. Qg6+ Qxg6
34. fxg6+ Kxg6 35. Rf3 Be6 36. Ba3 Bxc4 37. Bxc5 Rc7 1-0

[Event "Open Vitrolles 2023/2024"]
[Site "Vitrolles"]
[Date "2023.09.30"]
[Round "1.5"]
[White "Dupre Hollebeque, Joachim"]
[Black "Mata, Thierry"]
[Result "0-1"]
[WhiteElo "1199"]
[BlackElo "1469"]
[PlyCount "124"]

1. c4 c5 2. Nf3 Nf6 3. Nc3 Nc6 4. d4 cxd4 5. Nxd4 d5 6. Qa4 Qd7 7. e3 e5 8.
Nxc6 bxc6 9. cxd5 Nxd5 10. Bd2 Be7 11. Bc4 Nb6 12. Qb3 Nxc4 13. Qxc4 a5 14. Qa4
O-O 15. O-O Qxd2 16. Rfd1 Qxb2 17. Qxc6 Be6 18. Rab1 Qa3 19. Nb5 Qa4 20. Qc7
Rad8 21. Nc3 Rxd1+ 22. Rxd1 Qc2 23. Qxa5 Rc8 24. Qxe5 Rxc3 25. Qd4 h6 26. h3
Bf6 27. Qd6 Qxa2 28. Rd2 Qa5 29. Rd1 Bb3 30. Qb8+ Kh7 31. Rb1 Qa2 32. Re1 Rc2
33. Qf4 Be6 34. Qe4+ g6 35. Qf3 Kg7 36. g4 Qa5 37. Rd1 Bh4 38. Qe4 Qa2 39. Qd4+
Bf6 40. Qf4 Qc4 41. Qg3 Qe2 42. Rd6 Qe1+ 43. Kg2 Rc1 44. Qh2 Rc2 45. Qg3 Rc1
46. Qh2 Qf1+ 47. Kf3 Qh1+ 48. Qxh1 Rxh1 49. Kg2 Rh2+ 50. Kg1 Rxh3 51. g5 hxg5
52. Kg2 Rh4 53. f3 Rb4 54. e4 Rb2+ 55. Kf1 Bh3+ 56. Ke1 g4 57. fxg4 Bh4+ 58.
Kd1 Bxg4+ 59. Kc1 Re2 60. Rd4 Bg5+ 61. Kb1 Rxe4 62. Rxe4 Bf5 0-1

[Event "Open Vitrolles 2023/2024"]
[Site "Vitrolles"]
[Date "2023.09.30"]
[Round "1.6"]
[White "Scamaroni, Jean-Paul"]
[Black "Ghio, Maxime"]
[Result "1/2-1/2"]
[WhiteElo "1454"]
[BlackElo "1199"]
[PlyCount "89"]

1. d4 d5 2. c4 c6 3. Nf3 Nf6 4. Nc3 e6 5. Bg5 Be7 6. e3 Nbd7 7. Rc1 O-O 8. Bd3
dxc4 9. Bxc4 b6 10. O-O Bb7 11. a3 Re8 12. Ba2 c5 13. Bb1 h6 14. Bh4 Rc8 15.
dxc5 Nxc5 16. Qc2 Nce4 17. Rfd1 Qc7 18. Nxe4 Qxc2 19. Nxf6+ Bxf6 20. Rxc2 Bxf3
21. Rxc8 Rxc8 22. gxf3 Bxh4 23. Kg2 Bf6 24. Rd7 a5 25. Rb7 Bxb2 26. a4 g5 27.
Rxb6 Bc3 28. Be4 Bb4 29. Rc6 Rd8 30. Rc2 Kg7 31. Bb7 Kg6 32. Ba6 Rd2 33. Kg3
Rxc2 34. Bd3+ f5 35. Bxc2 Kf6 36. h4 Bd6+ 37. Kh3 h5 38. hxg5+ Kxg5 39. Bb3 e5
40. Bd5 f4 41. exf4+ exf4 42. Be6 Bc5 43. Kg2 h4 44. Bd7 Bd4 45. Bc6 1/2-1/2

[Event "Open Vitrolles 2023/2024"]
[Site "Vitrolles"]
[Date "2023.09.30"]
[Round "1.7"]
[White "Romeuf, Benjamin"]
[Black "Briquet, Xavier"]
[Result "1-0"]
[WhiteElo "1199"]
[BlackElo "1426"]
[PlyCount "87"]

1. d4 d5 2. c4 e6 3. Nf3 Nf6 4. g3 c5 5. cxd5 Nxd5 6. e4 Nb6 7. Bg2 cxd4 8.
Qxd4 Qxd4 9. Nxd4 Bc5 10. Nb5 Na6 11. O-O e5 12. N1c3 Bd7 13. a4 O-O 14. Nd5
Nxa4 15. Nbc7 Nxc7 16. Nxc7 Rac8 17. Nd5 b5 18. Rd1 Be6 19. b3 Nb6 20. b4 Bd4
21. Ne7+ Kh8 22. Rxa7 Rc2 23. Be3 Bxe3 24. fxe3 Na4 25. Ra6 Rc3 26. Rad6 g6 27.
Kf2 Rb3 28. Nd5 Nc3 29. Nxc3 Rxc3 30. Rb1 Kg7 31. Bf1 Bc4 32. Rc6 Rd8 33. Bxc4
bxc4 34. b5 Rdd3 35. b6 Rxe3 36. b7 Rb3 37. b8=Q Rxb8 38. Rxb8 Rxe4 39. Kf3 f5
40. Rb7+ Kh6 41. Rcc7 Rd4 42. Rxh7+ Kg5 43. h4+ Kf6 44. Rb6+ 1-0

[Event "Open Vitrolles 2023/2024"]
[Site "Vitrolles"]
[Date "2023.09.30"]
[Round "1.8"]
[White "Chabaud, Philippe"]
[Black "Schoeni, Christine"]
[Result "1-0"]
[WhiteElo "1394"]
[BlackElo "1199"]
[PlyCount "75"]

1. d4 d5 2. Bf4 e6 3. Nf3 Bd6 4. Be5 Bxe5 5. Nxe5 f6 6. Nf3 Nc6 7. e3 Nge7 8.
c3 O-O 9. Bd3 f5 10. Qc2 Ng6 11. Nbd2 Nh4 12. O-O Nxf3+ 13. Nxf3 h6 14. Rfe1
Qf6 15. a3 Bd7 16. b4 a6 17. c4 dxc4 18. Bxc4 b5 19. Bb3 Rac8 20. Qa2 Nd8 21.
Ne5 Be8 22. Rac1 Nf7 23. Nc6 Bxc6 24. Rxc6 Nd6 25. Bxe6+ Kh7 26. Bxc8 Rxc8 27.
Rec1 Qf7 28. Qxf7 Nxf7 29. Rxc7 Rxc7 30. Rxc7 Ng5 31. Rc6 Ne4 32. Rxa6 Nc3 33.
Kf1 Nd5 34. Ke1 Nc7 35. Rd6 Ne8 36. Rd5 Nc7 37. Rxf5 g6 38. Rf7+ 1-0

[Event "Open Vitrolles 2023/2024"]
[Site "Vitrolles"]
[Date "2023.09.30"]
[Round "1.9"]
[White "Coquet, Bruno"]
[Black "Benoit-Lizon, Alain"]
[Result "0-1"]
[WhiteElo "1189"]
[BlackElo "1383"]
[PlyCount "78"]

1. e4 d6 2. d4 Nf6 3. Nc3 Nbd7 4. Bc4 e5 5. Nf3 Be7 6. O-O O-O 7. Re1 h6 8. Qd3
c6 9. Ne2 d5 10. Nxe5 dxc4 11. Nxc4 Re8 12. Nf4 Qc7 13. h3 b5 14. Na3 Bb7 15.
e5 Nh7 16. Qg3 Bf8 17. Nh5 Re6 18. Re4 Ndf6 19. exf6 Qxg3 20. Nxg3 Rxf6 21. Rg4
Rd8 22. c3 a6 23. Bf4 c5 24. Be5 Re6 25. Nc2 f6 26. Bf4 Ng5 27. Nf5 g6 28. Nfe3
f5 29. Bxg5 hxg5 30. Rxg5 Be7 31. Rg3 f4 32. Rg4 fxe3 33. fxe3 cxd4 34. Nxd4
Rf6 35. e4 Bd6 36. Re1 Be5 37. Nf5 Kf7 38. Nh4 Bc8 39. Nxg6 Rxg6 0-1

[Event "Open Vitrolles 2023/2024"]
[Site "Vitrolles"]
[Date "2023.09.30"]
[Round "1.10"]
[White "Graells, Christian"]
[Black "Porte, Jacques"]
[Result "1-0"]
[WhiteElo "1368"]
[BlackElo "1174"]
[PlyCount "85"]

1. e4 e5 2. Nf3 Nc6 3. Bb5 d6 4. d3 Bd7 5. O-O Be7 6. c3 Nf6 7. Bg5 O-O 8. Nbd2
a6 9. Ba4 b5 10. Bc2 Bg4 11. Qe1 Qd7 12. a3 Nd8 13. d4 Ne6 14. Be3 c6 15. dxe5
dxe5 16. Nxe5 Qc7 17. f4 Bh5 18. Qg3 Nd7 19. Nxd7 Qxd7 20. f5 Bd6 21. e5 Bc5
22. Rae1 Bxe3+ 23. Qxe3 Nc7 24. Ne4 Qe7 25. Qg3 Kh8 26. f6 gxf6 27. Nxf6 Bg6
28. Be4 Ne6 29. h4 Ng7 30. Bxc6 Qc5+ 31. Qe3 Qxc6 32. Qh6 Qe6 33. Rf4 Rad8 34.
Rg4 Qb6+ 35. Kh2 Qf2 36. Rxg6 Qxf6 37. Rxf6 Rd7 38. e6 Re7 39. g4 Kg8 40. g5
Nxe6 41. Rexe6 Rxe6 42. Rxe6 fxe6 43. Qxe6+ 1-0

[Event "Open Vitrolles 2023/2024"]
[Site "Vitrolles"]
[Date "2023.09.30"]
[Round "1.11"]
[White "Pietrac, Christian"]
[Black "Chauvet, Joelle"]
[Result "0-1"]
[WhiteElo "1162"]
[BlackElo "1364"]
[PlyCount "114"]

1. Nf3 d5 2. d4 e6 3. g3 Nf6 4. Bg2 Be7 5. c3 O-O 6. O-O Nbd7 7. Nbd2 c5 8. Re1
Rb8 9. e4 dxe4 10. Nxe4 b6 11. Nxf6+ Nxf6 12. Ne5 Bb7 13. Nc6 Bxc6 14. Bxc6 Nd5
15. Re4 Qc7 16. Bxd5 exd5 17. Bf4 Bd6 18. Bxd6 Qxd6 19. Re3 h6 20. Qf3 Rbd8 21.
Rae1 cxd4 22. cxd4 Qb4 23. Rd1 Qxb2 24. Re2 Qb5 25. Re7 a5 26. Qb3 Qxb3 27.
axb3 Rd6 28. Rde1 g6 29. Re8 Rxe8 30. Rxe8+ Kg7 31. Re3 Re6 32. Rd3 f5 33. Kg2
g5 34. h3 Kg6 35. Kf3 h5 36. Kg2 g4 37. h4 b5 38. Kf1 b4 39. f3 gxf3 40. Rxf3
Re4 41. Rd3 f4 42. Kf2 fxg3+ 43. Kxg3 Rg4+ 44. Kh3 Kf5 45. Rd1 Ke4 46. Ra1 Kxd4
47. Rxa5 Re4 48. Rb5 Re3+ 49. Kg2 Rxb3 50. Rb6 Rb2+ 51. Kg3 Kc5 52. Rh6 Re2 53.
Rxh5 b3 54. Kf3 b2 55. Kxe2 b1=Q 56. Kd2 Kc4 57. Rh8 Qb2+ 0-1

[Event "Open Vitrolles 2023/2024"]
[Site "Vitrolles"]
[Date "2023.09.30"]
[Round "1.12"]
[White "Bregier, Gerard"]
[Black "Rannou, Danielle"]
[Result "0-1"]
[WhiteElo "1360"]
[BlackElo "1075"]
[PlyCount "54"]

1. d4 d5 2. Nc3 Nf6 3. Bf4 a6 4. e3 e6 5. Nf3 Bb4 6. Bd3 O-O 7. O-O h6 8. a3
Bd6 9. Ne5 c5 10. Ne2 c4 11. Nxc4 dxc4 12. Bxd6 cxd3 13. Qxd3 Qxd6 14. e4 Re8
15. e5 Qe7 16. exf6 Qxf6 17. c3 Rd8 18. Qc4 Bd7 19. Rad1 Bb5 20. Qb3 Bxe2 21.
Qxb7 Nd7 22. Rd2 Bxf1 23. Kxf1 Qf4 24. Rd1 Qxh2 25. Ke2 Rab8 26. Qf3 Rxb2+ 27.
Rd2 Rxd2+ 0-1

[Event "Open Vitrolles 2023/2024"]
[Site "Vitrolles"]
[Date "2023.10.07"]
[Round "2.1"]
[White "Boukhfif, Tarik"]
[Black "Graells, Christian"]
[Result "1-0"]
[WhiteElo "1588"]
[BlackElo "1368"]
[PlyCount "87"]

1. d4 Nf6 2. Bf4 e6 3. e3 d5 4. Nf3 Nc6 5. Bd3 Nb4 6. Be2 Bd6 7. Bg3 O-O 8. c3
Nc6 9. Ne5 Ne7 10. h3 Ne4 11. Bh2 f6 12. Nf3 Ng6 13. Nbd2 Bxh2 14. Nxh2 f5 15.
Nhf3 Nd6 16. O-O Qf6 17. c4 c6 18. Qb3 Nf7 19. Rac1 Ne7 20. Qc3 Ng6 21. Nb3 b6
22. cxd5 cxd5 23. Qc6 Rb8 24. Qa4 a5 25. Rc7 e5 26. dxe5 Ngxe5 27. Rfc1 Nd6 28.
Nxe5 Qxe5 29. Nd4 Nc4 30. Bxc4 dxc4 31. Qxc4+ Kh8 32. Rxc8 h6 33. Rxb8 Qxb8 34.
Qc7 Qa8 35. Rc6 Qe8 36. Ne6 Rf7 37. Qc8 Re7 38. Qxe8+ Rxe8 39. Rxb6 g5 40. Nd4
Re5 41. Rxh6+ Kg7 42. Rh5 Kg6 43. Rxg5+ Kf6 44. Rxf5+ 1-0

[Event "Open Vitrolles 2023/2024"]
[Site "Vitrolles"]
[Date "2023.10.07"]
[Round "2.2"]
[White "Benoit-Lizon, Alain"]
[Black "Cens, Alain"]
[Result "0-1"]
[WhiteElo "1383"]
[BlackElo "1476"]
[PlyCount "55"]

1. e4 c5 2. Nf3 d6 3. d4 cxd4 4. Nxd4 Nf6 5. Nc3 g6 6. Be3 Bg7 7. f3 O-O 8. Qd2
Nc6 9. O-O-O Nxd4 10. Bxd4 Be6 11. Kb1 Qc7 12. h4 h5 13. Nd5 Bxd5 14. exd5 Rac8
15. c3 Qa5 16. Bxf6 Bxf6 17. g4 Qb6 18. Ka1 Qa5 19. Kb1 b5 20. gxh5 Rxc3 21.
bxc3 Bxc3 22. Qc2 Qb4+ 23. Qb3 Qc5 24. Qxb5 Qc7 25. Qc4 Rb8+ 26. Kc2 Qa5 27.
Rb1 Bb4 28. Kd3 0-1

[Event "Open Vitrolles 2023/2024"]
[Site "Vitrolles"]
[Date "2023.10.07"]
[Round "2.3"]
[White "Mata, Thierry"]
[Black "Romeuf, Benjamin"]
[Result "1-0"]
[WhiteElo "1469"]
[BlackElo "1199"]
[PlyCount "57"]

1. d4 d5 2. Nf3 Nf6 3. e3 a6 4. Bd3 g6 5. Nbd2 Bg7 6. O-O O-O 7. c3 b6 8. e4 c5
9. dxc5 bxc5 10. exd5 Nxd5 11. Be4 Ra7 12. Nb3 c4 13. Qxd5 cxb3 14. Qxb3 Be6
15. Qd1 Rd7 16. Qc2 f5 17. Ng5 Rf6 18. Nxe6 Rxe6 19. Bf3 Nc6 20. Qb3 Rdd6 21.
Bf4 Ne5 22. Bxe5 Bxe5 23. Rae1 Rb6 24. Qc4 Qd6 25. Bd5 Bxh2+ 26. Kh1 Be5 27.
Bxe6+ Qxe6 28. Qxe6+ Rxe6 29. f4 1-0

[Event "Open Vitrolles 2023/2024"]
[Site "Vitrolles"]
[Date "2023.10.07"]
[Round "2.4"]
[White "Chauvet, Joelle"]
[Black "Chabaud, Philippe"]
[Result "0-1"]
[WhiteElo "1364"]
[BlackElo "1394"]
[PlyCount "110"]

1. d4 d5 2. Nf3 Nf6 3. e3 e6 4. c4 Be7 5. Be2 O-O 6. O-O Nc6 7. a3 a5 8. Nc3
Bd7 9. b3 Na7 10. Ne5 c6 11. a4 Bb4 12. Bb2 Rc8 13. Na2 Bd6 14. c5 Bc7 15. b4
axb4 16. Nxb4 Bxe5 17. dxe5 Ne4 18. Bd4 Qa5 19. Nd3 Nc3 20. Bxc3 Qxc3 21. Qb1
Rb8 22. a5 Qc4 23. Rc1 Qb5 24. Nf4 Qxb1 25. Rcxb1 Nb5 26. Bxb5 cxb5 27. Rb4 Ra8
28. Nd3 Bc6 29. f4 Ra6 30. Rb2 Rfa8 31. Rba2 R6a7 32. Kf2 g6 33. g4 Kg7 34. Nb4
Bd7 35. h4 Rc8 36. Nd3 Rca8 37. Ke2 Rc8 38. Kd2 Rc6 39. Kc3 Rc8 40. Kb4 Bc6 41.
a6 Rb8 42. axb7 Ra4+ 43. Rxa4 bxa4 44. Ka3 Rxb7 45. Nb4 Rc7 46. Rc1 Bb5 47. c6
Bc4 48. Rc3 Kf8 49. f5 exf5 50. gxf5 gxf5 51. Nd3 Rxc6 52. Kxa4 Bb5+ 53. Kb4
Rxc3 54. Kxc3 Bxd3 55. Kxd3 Ke7 0-1

[Event "Open Vitrolles 2023/2024"]
[Site "Vitrolles"]
[Date "2023.10.07"]
[Round "2.5"]
[White "Rannou, Danielle"]
[Black "Jullien, Patrick"]
[Result "0-1"]
[WhiteElo "1075"]
[BlackElo "1519"]
[PlyCount "146"]

1. d4 d5 2. Nf3 Nf6 3. e3 e6 4. Nc3 c5 5. Be2 Nc6 6. O-O Bd6 7. h3 O-O 8. b3 b6
9. Bb2 Bb7 10. Re1 cxd4 11. exd4 Rc8 12. Qd2 Bb4 13. a3 Ne4 14. Qd3 Bxc3 15.
Bxc3 Nxc3 16. Qxc3 Qf6 17. Qd2 Rc7 18. Rac1 Rfc8 19. Bd1 Na5 20. c3 Ba6 21. Re3
Qe7 22. a4 Nb7 23. Be2 Bxe2 24. Rxe2 Nd6 25. Re3 Ne4 26. Qb2 Nd6 27. Ne5 Nf5
28. Ree1 Qf6 29. Qd2 Nd6 30. Ng4 Qe7 31. Ne3 Ne4 32. Qb2 Rxc3 33. f3 Rxc1 34.
Rxc1 Rxc1+ 35. Qxc1 Nd6 36. Qe1 g6 37. Nxd5 Qd8 38. Nb4 Nf5 39. Nc6 Qd5 40. Qc3
Qd7 41. g4 Ne7 42. Nxe7+ Qxe7 43. Qe3 Qd6 44. Kg2 Qd5 45. h4 h5 46. g5 Kf8 47.
Kg3 Ke7 48. Kf2 Kd6 49. Qe4 Qxb3 50. Qe5+ Kd7 51. Qb5+ Qxb5 52. axb5 Kd6 53.
Ke3 Kd5 54. Kd3 e5 55. dxe5 Kxe5 56. Ke3 Kd5 57. Kf4 Kd4 58. Kg3 Kc4 59. Kf4
Kxb5 60. Ke5 a5 61. Kf6 a4 62. Kxf7 a3 63. Kxg6 a2 64. Kxh5 a1=Q 65. g6 Qh8+
66. Kg5 Qe5+ 67. Kh6 Qf4+ 68. Kh7 Qxh4+ 69. Kg7 Qf4 70. Kh7 Qxf3 71. g7 Qg3 72.
g8=Q Qxg8+ 73. Kxg8 Kc4 0-1

[Event "Open Vitrolles 2023/2024"]
[Site "Vitrolles"]
[Date "2023.10.07"]
[Round "2.6"]
[White "Javos, Yves-Andre"]
[Black "Scamaroni, Jean-Paul"]
[Result "0-1"]
[WhiteElo "1232"]
[BlackElo "1454"]
[PlyCount "90"]

1. e4 c5 2. Nf3 d6 3. d4 cxd4 4. Nxd4 Nf6 5. Nc3 a6 6. a4 e5 7. Nf3 Bg4 8. Be2
Be7 9. O-O O-O 10. h3 Bh5 11. Bg5 Nbd7 12. Ne1 Bg6 13. Bf3 Nc5 14. Bxf6 Bxf6
15. Nd3 Rc8 16. Re1 Nxd3 17. Qxd3 Qb6 18. Nd5 Qxb2 19. Nxf6+ gxf6 20. c4 Qb6
21. a5 Qc7 22. Rec1 Rfd8 23. Qb3 Qc6 24. Bg4 Rc7 25. Bf5 Bxf5 26. exf5 Qe4 27.
Qg3+ Kh8 28. Qg4 Qxg4 29. hxg4 Rdc8 30. Ra4 d5 31. Kf1 dxc4 32. Rc3 Kg7 33. Ke2
Kh6 34. Ke3 Kg5 35. Kf3 h5 36. gxh5 Kxf5 37. g4+ Kg5 38. Kg3 f5 39. f3 f4+ 40.
Kh3 f5 41. Rb4 fxg4+ 42. fxg4 Rc5 43. Rb6 R8c6 44. Rxb7 Rxa5 45. Rg7+ Kh6 0-1

[Event "Open Vitrolles 2023/2024"]
[Site "Vitrolles"]
[Date "2023.10.07"]
[Round "2.7"]
[White "Khoundh, Zein"]
[Black "Ghio, Maxime"]
[Result "1-0"]
[WhiteElo "1325"]
[BlackElo "1199"]
[PlyCount "53"]

1. e4 e6 2. d4 d5 3. e5 c5 4. c3 Nc6 5. Nf3 Qb6 6. a3 a5 7. Bd3 Bd7 8. Bc2 Nh6
9. Nbd2 cxd4 10. Nb3 dxc3 11. Be3 Qc7 12. bxc3 Nxe5 13. Bd4 Bd6 14. Nfd2 Bb5
15. f4 Neg4 16. Bxg7 Rg8 17. Nd4 Qc5 18. Bxh6 Nxh6 19. Nxb5 Qxb5 20. Ba4 Qxa4
21. Qxa4+ Ke7 22. g3 b6 23. c4 dxc4 24. Nxc4 Bc5 25. Ne5 Rac8 26. Rd1 Nf5 27.
Qd7+ 1-0

[Event "Open Vitrolles 2023/2024"]
[Site "Vitrolles"]
[Date "2023.10.07"]
[Round "2.8"]
[White "Thiers, Jean-Jacques"]
[Black "Coquet, Bruno"]
[Result "1-0"]
[WhiteElo "1503"]
[BlackElo "1189"]
[PlyCount "107"]

1. d4 d5 2. Nf3 Nf6 3. e3 a6 4. Bd3 e6 5. Nbd2 c5 6. c3 Nc6 7. O-O Bd6 8. Re1
O-O 9. e4 dxe4 10. Nxe4 cxd4 11. Nfg5 g6 12. Qf3 Nxe4 13. Rxe4 dxc3 14. Qh3 h5
15. bxc3 e5 16. Qe3 Bf5 17. Ra4 Bxd3 18. Qxd3 Qc7 19. Ne4 Be7 20. Qf3 Rad8 21.
Bb2 Rd7 22. Re1 Rfd8 23. Qe2 f5 24. Ng3 Rd2 25. Qc4+ Kh7 26. Qf7+ Kh8 27. Nxh5
gxh5 28. Qxh5+ Kg7 29. Qxf5 Nd4 30. cxd4 Qd7 31. Qxe5+ Bf6 32. Qg3+ Kf7 33. Bc1
Qxa4 34. Bxd2 Rxd4 35. Bc3 Rd1 36. Qe3 Rxe1+ 37. Qxe1 Bxc3 38. Qb1 Qb5 39. Qxb5
axb5 40. Kf1 Kf6 41. f3 Kf5 42. Ke2 Bd4 43. h4 Kf4 44. h5 Kg3 45. Kd3 Bf6 46.
Ke4 Kxg2 47. Kf4 Be7 48. h6 Ba3 49. Kg4 Bb2 50. f4 b4 51. f5 Bc1 52. h7 Bb2 53.
Kg5 Kh3 54. f6 1-0

[Event "Open Vitrolles 2023/2024"]
[Site "Vitrolles"]
[Date "2023.10.07"]
[Round "2.9"]
[White "Schoeni, Christine"]
[Black "Bregier, Gerard"]
[Result "0-1"]
[WhiteElo "1199"]
[BlackElo "1360"]
[PlyCount "86"]

1. d4 c6 2. Nc3 d5 3. e4 e6 4. Nf3 Bb4 5. Bd2 Nf6 6. a3 Bxc3 7. Bxc3 Nxe4 8.
Bd2 Nd7 9. Bd3 Ndf6 10. Ne5 O-O 11. O-O c5 12. c3 cxd4 13. cxd4 Qb6 14. Be3
Qxb2 15. f3 Nd6 16. Rf2 Qb6 17. Qb1 Qxb1+ 18. Rxb1 Nd7 19. f4 f6 20. Nf3 a6 21.
Rc2 b5 22. Bd2 Nc4 23. Bxc4 dxc4 24. Be3 Nb6 25. Bd2 Bb7 26. Bb4 Rfd8 27. Rd1
Nd5 28. Bc5 Ne3 29. Be7 Nxc2 30. Bxd8 Rxd8 31. Rd2 Nxa3 32. Re2 Bxf3 33. gxf3
Kf7 34. Ra2 b4 35. Kg2 Rxd4 36. Kg3 e5 37. Re2 c3 38. Re4 Rd2 39. Rxb4 c2 40.
Rb7+ Kg6 41. Rb3 c1=Q 42. Rxa3 Qg1+ 43. Kh3 Rxh2# 0-1

[Event "Open Vitrolles 2023/2024"]
[Site "Vitrolles"]
[Date "2023.10.07"]
[Round "2.10"]
[White "Porte, Jacques"]
[Black "Bouriel, Michel"]
[Result "0-1"]
[WhiteElo "1174"]
[BlackElo "1311"]
[PlyCount "106"]

1. d4 Nf6 2. c4 g6 3. Nc3 Bg7 4. e4 d6 5. Nf3 O-O 6. Be2 c6 7. Bg5 h6 8. Bh4 g5
9. Bg3 Qa5 10. Qc2 Nbd7 11. O-O Nh5 12. Nd2 Nxg3 13. fxg3 Bxd4+ 14. Kh1 Bg7 15.
Nb3 Qc7 16. Bh5 Ne5 17. Nd2 Bg4 18. Bxg4 Nxg4 19. Rae1 Bd4 20. Nd1 a5 21. Nf3
Bc5 22. a3 Qb6 23. Qd2 Qa6 24. h3 Ne5 25. Nxe5 dxe5 26. Ne3 Bxe3 27. Qxe3 Qxc4
28. Rc1 Qe6 29. Qc3 f6 30. Qf3 Rad8 31. Qc3 Rd4 32. Qxa5 Rxe4 33. Qb6 Qd7 34.
Rfd1 Rd4 35. Rxd4 exd4 36. Qb3+ Kh8 37. Qd3 e5 38. g4 Kg7 39. b4 Qd5 40. Rc5
Qe6 41. b5 cxb5 42. Qxb5 Rf7 43. a4 Qd7 44. Qa5 Qe6 45. Rc7 Rxc7 46. Qxc7+ Qf7
47. Qb6 Qd7 48. Qb4 d3 49. Qb3 d2 50. Qd1 e4 51. Kg1 e3 52. Kf1 Qd3+ 53. Qe2
Qb1+ 0-1

[Event "Open Vitrolles 2023/2024"]
[Site "Vitrolles"]
[Date "2023.10.07"]
[Round "2.11"]
[White "Baghdoyan, Albert"]
[Black "Pietrac, Christian"]
[Result "1-0"]
[WhiteElo "1199"]
[BlackElo "1162"]
[PlyCount "100"]

1. d4 g6 2. Bf4 Nf6 3. Nf3 Bg7 4. e3 d6 5. Nc3 O-O 6. Bd3 Nbd7 7. b3 Nh5 8. Ne2
Nxf4 9. Nxf4 c5 10. c3 Qa5 11. Qc2 cxd4 12. exd4 Bh6 13. Ne2 Nf6 14. O-O Bg4
15. Be4 Rab8 16. h3 Bxf3 17. Bxf3 Qf5 18. Qxf5 gxf5 19. Ng3 f4 20. Nf5 Bg7 21.
Nxe7+ Kh8 22. Rfe1 Rfe8 23. Re2 Bf8 24. Rae1 Ng8 25. Ng6+ fxg6 26. Rxe8 Rxe8
27. Rxe8 Kg7 28. Bxb7 Kf7 29. Rd8 Ke7 30. Ra8 h6 31. Rxa7 Kf6 32. Bd5 Ne7 33.
Ra8 Bg7 34. Be4 g5 35. Ra7 Bf8 36. Rd7 Ke6 37. Rd8 Bg7 38. a4 d5 39. Bd3 Nc6
40. Rg8 Kf7 41. Rc8 Ne7 42. Rc7 Ke8 43. a5 Kd8 44. Rb7 Bf8 45. a6 Kc8 46. b4
Nc6 47. b5 Na5 48. Rf7 Bd6 49. a7 Nb3 50. a8=Q+ Bb8 1-0

[Event "Open Vitrolles 2023/2024"]
[Site "Vitrolles"]
[Date "2023.11.18"]
[Round "3.1"]
[White "Chabaud, Philippe"]
[Black "Boukhfif, Tarik"]
[Result "1/2-1/2"]
[WhiteElo "1397"]
[BlackElo "1599"]
[PlyCount "137"]

1. d4 Nf6 2. Nf3 c5 3. Nc3 d5 4. e3 Nc6 5. Bb5 a6 6. Bxc6+ bxc6 7. Ne5 Qc7 8.
O-O Bf5 9. b3 e6 10. Bb2 Bd6 11. Na4 cxd4 12. exd4 O-O 13. Rc1 Bxe5 14. dxe5
Nd7 15. Re1 c5 16. Qe2 Rfd8 17. Qe3 a5 18. Ba3 Rac8 19. Qc3 h6 20. h3 Qa7 21.
Qe3 Rc7 22. Kh1 Rdc8 23. Bb2 Qa6 24. Qe2 Qc6 25. Kh2 c4 26. Ba3 Qb5 27. Bd6 Rc6
28. Nc3 Qa6 29. g4 Bg6 30. Na4 Qb7 31. Qd2 Qa6 32. Qe2 Qa7 33. Qe3 Qa8 34. Qd2
Qa6 35. Qe2 Qb5 36. Nc3 Qa6 37. Na4 Qa8 38. Qd2 Bh7 39. Qe3 Bg6 40. Kg2 Qa6 41.
Qe2 Qb7 42. Qe3 Ra8 43. Kh2 Rac8 44. Kg1 cxb3 45. cxb3 Rc2 46. Rxc2 Rxc2 47.
Re2 Qc6 48. a3 Rxe2 49. Qxe2 Qc1+ 50. Kh2 Be4 51. f3 Qc2 52. Qg2 Qxg2+ 53. Kxg2
Bc2 54. Nc5 Nxc5 55. Bxc5 Bxb3 56. Kf2 Kh7 57. f4 Kg6 58. Kg3 h5 59. Bb6 a4 60.
Be3 Bd1 61. Bc5 f6 62. Bd4 f5 63. g5 Kf7 64. h4 g6 65. Kf2 Ke7 66. Ke3 Kd7 67.
Kd2 Bb3 68. Kc3 Kc6 69. Kb4 1/2-1/2

[Event "Open Vitrolles 2023/2024"]
[Site "Vitrolles"]
[Date "2023.11.18"]
[Round "3.2"]
[White "Benoit-Lizon, Alain"]
[Black "Mata, Thierry"]
[Result "1/2-1/2"]
[WhiteElo "1387"]
[BlackElo "1471"]
[PlyCount "136"]

1. e4 c5 2. Nf3 Nc6 3. Bb5 e6 4. Bxc6 bxc6 5. O-O d6 6. e5 Ne7 7. exd6 Ng6 8.
b3 Qf6 9. Nc3 Bxd6 10. Bb2 O-O 11. Rb1 Ne5 12. Ne4 Nxf3+ 13. gxf3 Qg6+ 14. Kh1
Bxh2 15. Kxh2 e5 16. Rh1 f5 17. Ng3 f4 18. Ne4 Rf5 19. Ng3 fxg3+ 20. fxg3 Rh5+
21. Kg2 Be6 22. Rxh5 Qxh5 23. Qe2 Qh3+ 24. Kf2 Qh2+ 25. Ke1 Qxg3+ 26. Qf2 Qxf2+
27. Kxf2 Bf5 28. d3 Re8 29. Re1 g6 30. Bxe5 h5 31. f4 h4 32. Kg2 h3+ 33. Kh2
Kf7 34. Re3 a5 35. a4 Re7 36. Re1 Rb7 37. Bc3 Re7 38. Rxe7+ Kxe7 39. Bxa5 Kd7
40. Bb6 c4 41. bxc4 Kc8 42. a5 Kb7 43. c5 Ka6 44. d4 Kb7 45. c4 Be6 46. Kg3 Bf5
47. d5 Bd7 48. dxc6+ Bxc6 49. Kxh3 Kc8 50. Kg4 Kd7 51. f5 gxf5+ 52. Kxf5 Bg2
53. Ke5 Bb7 54. Kd4 Bg2 55. Kc3 Bb7 56. Kb4 Kc6 57. Kc3 Ba6 58. Kd4 Bb7 59. Ke5
Ba6 60. Kd4 Bb7 61. Ba7 Ba6 62. Bb6 Bb7 63. Ke5 Ba6 64. Ke6 Bxc4+ 65. Ke7 Ba6
66. Kd8 Bb7 67. Ba7 Ba6 68. Bb6 Bb7 1/2-1/2